Microcomputer applications in education and training for developing countries : (Record no. 185880)
[ view plain ]
| 000 -LEADER | |
|---|---|
| fixed length control field | 01406 a2200241 4500 |
| 003 - CONTROL NUMBER IDENTIFIER | |
| control field | Nust |
| 005 - DATE AND TIME OF LATEST TRANSACTION | |
| control field | 20230123084523.0 |
| 010 ## - LIBRARY OF CONGRESS CONTROL NUMBER | |
| LC control number | 87043005 |
| 020 ## - INTERNATIONAL STANDARD BOOK NUMBER | |
| International Standard Book Number | 081337488X (alk. paper) |
| 040 ## - CATALOGING SOURCE | |
| Transcribing agency | Nust |
| 082 00 - DEWEY DECIMAL CLASSIFICATION NUMBER | |
| Classification number | 371.334,MIC |
| 245 00 - TITLE STATEMENT | |
| Title | Microcomputer applications in education and training for developing countries : |
| Remainder of title | proceedings of a meeting on the use of microcomputers for developing countries / |
| 260 ## - PUBLICATION, DISTRIBUTION, ETC. | |
| Place of publication, distribution, etc. | Boulder : |
| Name of publisher, distributor, etc. | Westview Press, |
| Date of publication, distribution, etc. | 1987. |
| 300 ## - PHYSICAL DESCRIPTION | |
| Extent | xxi, 309 p. : |
| Other physical details | ill. ; |
| Dimensions | 24 cm. |
| 440 #0 - SERIES STATEMENT/ADDED ENTRY--TITLE | |
| Title | Westview special studies in science, technology, and public policy |
| 9 (RLIN) | 104801 |
| 505 ## - FORMATTED CONTENTS NOTE | |
| Formatted contents note | Section 1:- An Overview (Page-3), Session 2:- Teachers Training (Page-47), Session 3:- Software (Page-115), Session 4:- Primary and Secondary Education (Page-151), Section 5:- Special Education (Page-225), Section 6:- Advanced Education (Page-243), Section 7:- Future Developments (Page-269), Section 8:- Conclusions and Recommendations (Page-307). |
| 650 #0 - SUBJECT ADDED ENTRY--TOPICAL TERM | |
| Topical term or geographic name entry element | Computer-assisted instruction |
| Geographic subdivision | Developing countries |
| 9 (RLIN) | 107320 |
| 650 #0 - SUBJECT ADDED ENTRY--TOPICAL TERM | |
| Topical term or geographic name entry element | Education |
| Geographic subdivision | Developing countries |
| General subdivision | Data processing |
| 9 (RLIN) | 107321 |
| 650 #0 - SUBJECT ADDED ENTRY--TOPICAL TERM | |
| Topical term or geographic name entry element | Microcomputers |
| Geographic subdivision | Developing countries |
| 9 (RLIN) | 107322 |
| 650 #0 - SUBJECT ADDED ENTRY--TOPICAL TERM | |
| Topical term or geographic name entry element | Teachers |
| General subdivision | Training of |
| Geographic subdivision | Developing countries |
| General subdivision | Data processing |
| 9 (RLIN) | 107323 |
| 710 2# - ADDED ENTRY--CORPORATE NAME | |
| Corporate name or jurisdiction name as entry element | National Research Council (U.S.). |
| Subordinate unit | Board on Science and Technology for International Development. |
| 9 (RLIN) | 107324 |
| 942 ## - ADDED ENTRY ELEMENTS (KOHA) | |
| Source of classification or shelving scheme | |
| Koha item type | Book |
| Call number prefix | 371.334,MIC |
| Withdrawn status | Lost status | Source of classification or shelving scheme | Damaged status | Not for loan | Permanent Location | Current Location | Shelving location | Date acquired | Full call number | Barcode | Date last seen | Price effective from | Koha item type | Public note |
|---|---|---|---|---|---|---|---|---|---|---|---|---|---|---|
| Military College of Signals (MCS) | Military College of Signals (MCS) | General Stacks | 12/12/2016 | 371.334,MIC | MCS1864 | 12/08/2016 | 12/12/2016 | Book | Almirah No.74, Shelf No.3 | |||||
| Military College of Signals (MCS) | Military College of Signals (MCS) | General Stacks | 12/12/2016 | 371.334,MIC | MCS1865 | 12/08/2016 | 12/12/2016 | Book | Almirah No.54, Shelf No.2 |
